Refranes y dichos #1 - Estadísticas

Estadísticas generales
  • Esta prueba ha sido intentada 892 veces
  • La puntuación promedio es 18 de 20
Estadísticas de respuestas
Hint Respuesta % Correcto
más vale estar solo... que mal acompañado
99%
a quién madruga... Dios le ayuda
98%
más vale tarde que... nunca
98%
el que ríe último, ... ríe mejor
98%
de tal palo... tal astilla
98%
más vale prevenir que... curar / lamentar
97%
al mal tiempo... buena cara
96%
a caballo regalado... no le mires el dentado
95%
perro ladrador... poco mordedor
92%
tira la piedra y... esconde la mano
91%
a palabras necias, ... oídos sordos
91%
a la tercera... va la vencida
91%
a lo hecho, ... pecho
89%
cada loco con su... tema
89%
en boca cerrada... no entran moscas
88%
el mundo es un... pañuelo
88%
del dicho al hecho... hay un trecho
85%
le dijo la sartén al... cazo
84%
el que la hace... la paga
70%
cada oveja... con su pareja
61%
No se encontraron pruebas coincidentes
Distribución de puntuación
Porcentaje de gente con cada puntuación
Porcentaje por número respondido
Historial de tus puntuaciones
No has intentado esta prueba.